00366nam a2200145 a 4500008004100000020001500041050001600056100002300072245004400095250001200139260002600151300002100177350000900198650001300207080918s1995 ||||||||||||||||| || u a0582234220 aTH 7703 Pri aPritchard, David C10aLighting. -- 5th edcDavid C. Pritchard a5th ed. aHarlowbLongmanc1995 avi, 217p. : ill. a0.00 aLIGHTING